| 000 | 00702cam a22002413a 4500 | ||
|---|---|---|---|
| 001 | 24076 | ||
| 003 | PGUSA | ||
| 005 | 20140828083520.0 | ||
| 008 | 071230s2007||||xxu|||||s|||||000 | eng d | ||
| 040 |
_aPGUSA _beng |
||
| 042 | _adc | ||
| 050 | 4 | _aTP | |
| 100 | 1 | _aMairet, Ethel M. | |
| 245 | 1 | 0 |
_aVegetable Dyes : _bBeing a Book of Recipes and Other Information Useful to the Dyer _h[electronic resource] / _cEthel M. Mairet |
| 260 |
_bProject Gutenberg, _c2007 |
||
| 506 | _aPublic domain in the USA. | ||
| 516 | _aElectronic text | ||
| 653 | _aDyes and dyeing | ||
| 653 | _aDye plants | ||
| 830 | 0 |
_aProject Gutenberg _v24076 |
|
| 856 | 4 | 0 | _uhttp://www.gutenberg.org/ebooks/24076 |
| 942 | _cEB | ||
| 999 |
_c253331 _d253331 |
||